Contro gli inganni del lupo (Record n. 209914)
[ formato base ]
| 000 -LEADER | |
|---|---|
| fixed length control field | 01213nam a2200217Ia 4500 |
| 001 - CONTROL NUMBER | |
| control field | b7066-51371 |
| 003 - CONTROL NUMBER IDENTIFIER | |
| control field | IT-MiCISF |
| 008 - FIXED-LENGTH DATA ELEMENTS--GENERAL INFORMATION | |
| fixed length control field | 161014s9999||||xx |||||||||||||| ||und|| |
| 040 ## - CATALOGING SOURCE | |
| Original cataloging agency | IT-MiCISF |
| Transcribing agency | IT-MiCISF |
| 041 ## - LANGUAGE CODE | |
| Language code of text/sound track or separate title | IT |
| 999 ## - SYSTEM CONTROL NUMBERS (KOHA) | |
| Koha Dewey Subclass [OBSOLETE] | si |
| 100 ## - MAIN ENTRY--PERSONAL NAME | |
| Personal name | Zattoni Mariateresa |
| 245 #0 - TITLE STATEMENT | |
| Title | Contro gli inganni del lupo |
| Remainder of title | Il legame fraterno in famiglia e in comunità |
| 250 ## - EDITION STATEMENT | |
| Edition statement | 1a ed. |
| 260 ## - PUBLICATION, DISTRIBUTION, ETC. (IMPRINT) | |
| Place of publication, distribution, etc. | Assisi (PG) |
| Name of publisher, distributor, etc. | Cittadella Editrice |
| Date of publication, distribution, etc. | 2011 |
| 300 ## - PHYSICAL DESCRIPTION | |
| Extent | pp. 154 |
| 500 ## - GENERAL NOTE | |
| General note | / rapporti-fratelli, persona, comunità, rapporti-familiari, educazione / Per diventare veri fratelli e sorelle nella fede occorre annullare gli effetti della fraternità del sangue o farli fruttare? Ecco la tesi del libro: di qualunque comunità l'individuo adulto faccia parte (famiglia, presbiterio, comunità religiosa, parrocchia) porterà le tracce della propria fratrìa. Tali tracce vanno guardate in faccia e non lasciate cadere, perché ogni pratica di fraternità adulta ne è profondamente influenzata. Gli AA. sono convinti che proprio in tale fraternità matura risplenda un dono che viene dall'alto. |
| 650 ## - SUBJECT ADDED ENTRY--TOPICAL TERM | |
| Topical term or geographic name as entry element | Dinamiche familiari / famiglia |
| Relator term | 001 |
| 700 ## - ADDED ENTRY--PERSONAL NAME | |
| Personal name | Gillini Gilberto |
| 942 ## - ADDED ENTRY ELEMENTS (KOHA) | |
| Koha item type | LIBRO |
| 957 ## - | |
| -- | 1 |
| 999 ## - SYSTEM CONTROL NUMBERS (KOHA) | |
| -- | 1 |
| Withdrawn status | Lost status | Damaged status | Not for loan | Home library | Current library | Date acquired | Total Checkouts | Full call number | Date last seen | Price effective from | Koha item type | Public note |
|---|---|---|---|---|---|---|---|---|---|---|---|---|
| Buone Condizioni | Not For Loan | CISF - Milano | CISF - Milano | 14/10/2016 | b7066-51371 | 14/10/2016 | 14/10/2016 | LIBRO | Data import 15.10.2016 / by Epidotti, Vaglietti |